| 000 | 00364nam a22001457a 4500 | ||
|---|---|---|---|
| 020 | _a0-333-99437-X | ||
| 082 | _a658.8 | ||
| 100 | _aMcDonald, Malcolm | ||
| 245 | _aMarketing: A Complete Guide | ||
| 260 |
_aNew York; _bPalgrave Macmillan, _c2003 |
||
| 300 | _axxv, 556p.: ill.; 23 cm | ||
| 500 | _aInclude Index | ||
| 700 | _aChristopher, Martin | ||
| 942 | _cBK | ||
| 999 |
_c22094 _d22094 |
||